| 000 | 00377nam a2200145 4500 | ||
|---|---|---|---|
| 999 |
_c9353 _d9353 |
||
| 003 | OSt | ||
| 005 | 20210407102003.0 | ||
| 008 | 210407b ||||| |||| 00| 0 eng d | ||
| 020 | _a9789814428071 | ||
| 082 |
_a810 _bPAT |
||
| 100 | _aPatrick Bingham-hall | ||
| 245 | _aA Spirit of place the village house/hiren Patel architect | ||
| 260 |
_bPesaro publishing _c2018 |
||
| 942 | _2ddc | ||